Abnormal psychology : (Record no. 5618)

000 -LEADER
fixed length control field 01804 am a2200361 a 4500
001 - CONTROL NUMBER
control field 7101892
003 - CONTROL NUMBER IDENTIFIER
control field CaAEU
005 - DATE AND TIME OF LATEST TRANSACTION
control field 20220425094256.0
008 - FIXED-LENGTH DATA ELEMENTS--GENERAL INFORMATION
fixed length control field 110825s2012 oncac b 001 0 eng
016 ## - NATIONAL BIBLIOGRAPHIC AGENCY CONTROL NUMBER
Record control number 20119057093
020 ## - INTERNATIONAL STANDARD BOOK NUMBER
International Standard Book Number 9780176502195 (hbk.)
020 ## - INTERNATIONAL STANDARD BOOK NUMBER
International Standard Book Number 017650219X (hbk.)
020 ## - INTERNATIONAL STANDARD BOOK NUMBER
International Standard Book Number 9780176647100 (CourseMate)
020 ## - INTERNATIONAL STANDARD BOOK NUMBER
International Standard Book Number 0176647104 (CourseMate)
035 ## - SYSTEM CONTROL NUMBER
System control number ocn749085626
040 ## - CATALOGING SOURCE
Original cataloging agency NLC
Language of cataloging eng
Transcribing agency ALUPE UNIVERSITY
Modifying agency CDX
-- YDXCP
-- OCLCO
-- OCLCF
-- G7G
-- AEC
050 #4 - LIBRARY OF CONGRESS CALL NUMBER
Classification number RC454
Item number .B36 2012
055 #0 - CLASSIFICATION NUMBERS ASSIGNED IN CANADA
Classification number RC454
Item number B36 2011
055 00 - CLASSIFICATION NUMBERS ASSIGNED IN CANADA
Classification number RC454
Item number B36 2012 fol.
082 04 - DEWEY DECIMAL CLASSIFICATION NUMBER
Classification number 616.89
Edition number 23
090 ## - LOCALLY ASSIGNED LC-TYPE CALL NUMBER (OCLC); LOCAL CALL NUMBER (RLIN)
Classification number (OCLC) (R) ; Classification number, CALL (RLIN) (NR) RC 454 B36 2012
Local cutter number (OCLC) ; Book number/undivided call number, CALL (RLIN) AEC
100 1# - MAIN ENTRY--PERSONAL NAME
Personal name Barlow, David H.
245 10 - TITLE STATEMENT
Title Abnormal psychology :
Remainder of title an integrative approach /
Statement of responsibility, etc. David H. Barlow, V. Mark Durand, Sherry H. Stewart.
250 ## - EDITION STATEMENT
Edition statement 3rd Canadian ed.
260 ## - PUBLICATION, DISTRIBUTION, ETC.
Place of publication, distribution, etc. Toronto :
Name of publisher, distributor, etc. Nelson Education,
Date of publication, distribution, etc. c2012.
300 ## - PHYSICAL DESCRIPTION
Extent 1 v. (various pagings) :
Other physical details ill. (chiefly col.), ports. (chiefly col.) ;
Dimensions 29 cm.
504 ## - BIBLIOGRAPHY, ETC. NOTE
Bibliography, etc. note Includes bibliographical references and indexes.
505 0# - FORMATTED CONTENTS NOTE
Formatted contents note Abnormal behavior in historical context -- An integrative approach to psychopathology -- Clinical assessment and diagnosis -- Research methods -- Anxiety disorders -- Somatoform and dissociative disorders -- Mood disorders -- Eating and sleep disorders -- Physical disorders and health psychology -- Sexual disorders and gender identity disorder -- Substance-related disorders and Impulse control disorders -- Personality disorders -- Schizophrenia and other psychotic disorders -- Developmental disorders -- Cognitive disorders -- Mental health services: Legal and ethical issues.
650 #0 - SUBJECT ADDED ENTRY--TOPICAL TERM
Topical term or geographic name entry element Psychology, Pathological
Form subdivision Textbooks.
700 1# - ADDED ENTRY--PERSONAL NAME
Personal name Durand, Vincent Mark.
700 1# - ADDED ENTRY--PERSONAL NAME
Personal name Stewart, Sherry H.
Fuller form of name (Sherry Heather),
Dates associated with a name 1965-
942 ## - ADDED ENTRY ELEMENTS (KOHA)
Source of classification or shelving scheme
Koha item type Book
Suppress in OPAC BA
Holdings
Withdrawn status Lost status Source of classification or shelving scheme Damaged status Not for loan Permanent Location Current Location Shelving location Date acquired Source of acquisition Total Checkouts Full call number Barcode Date last seen Price effective from Koha item type Public note
          AU LIBRARY AU LIBRARY Open Shelf 25.04.2022 DONATION FROM MOI UNIVERSITY   RC454 .B36 2012 28009212 25.04.2022 25.04.2022 Book BA

Powered by Koha